<?xml version="1.0" encoding="UTF-8"?>
<record
    xmlns:xsi="http://www.w3.org/2001/XMLSchema-instance"
    xsi:schemaLocation="http://www.loc.gov/MARC21/slim http://www.loc.gov/standards/marcxml/schema/MARC21slim.xsd"
    xmlns="http://www.loc.gov/MARC21/slim">

  <leader>00501nam a2200169Ia 4500</leader>
  <controlfield tag="008">230718s9999    xx            000 0 und d</controlfield>
  <datafield tag="020" ind1=" " ind2=" ">
    <subfield code="a">9788131408766</subfield>
  </datafield>
  <datafield tag="041" ind1=" " ind2=" ">
    <subfield code="a">eng</subfield>
  </datafield>
  <datafield tag="082" ind1=" " ind2=" ">
    <subfield code="a">332.63'24</subfield>
    <subfield code="b">SUJ</subfield>
  </datafield>
  <datafield tag="100" ind1=" " ind2=" ">
    <subfield code="a">Sujatha B.(Editor)</subfield>
    <subfield code="9">175966</subfield>
  </datafield>
  <datafield tag="245" ind1=" " ind2=" ">
    <subfield code="a">Global Real Estate Investement</subfield>
    <subfield code="b">Trends and Experiences</subfield>
  </datafield>
  <datafield tag="260" ind1=" " ind2=" ">
    <subfield code="c">2010</subfield>
    <subfield code="b">Icfai Book</subfield>
  </datafield>
  <datafield tag="300" ind1=" " ind2=" ">
    <subfield code="a">242</subfield>
  </datafield>
  <datafield tag="365" ind1=" " ind2=" ">
    <subfield code="c">Rs.</subfield>
    <subfield code="b">750.00</subfield>
  </datafield>
  <datafield tag="700" ind1=" " ind2=" ">
    <subfield code="a">Sujatha B.(Editor)</subfield>
    <subfield code="9">175966</subfield>
  </datafield>
  <datafield tag="906" ind1=" " ind2=" ">
    <subfield code="d">O:0160811-Mar-2011B:110110105915-Feb-2011</subfield>
    <subfield code="c">GENRL</subfield>
    <subfield code="b">187.5</subfield>
  </datafield>
  <datafield tag="999" ind1=" " ind2=" ">
    <subfield code="c">327422</subfield>
    <subfield code="d">327422</subfield>
  </datafield>
  <datafield tag="952" ind1=" " ind2=" ">
    <subfield code="0">0</subfield>
    <subfield code="1">0</subfield>
    <subfield code="4">0</subfield>
    <subfield code="7">0</subfield>
    <subfield code="a">CCEP</subfield>
    <subfield code="b">CCEP</subfield>
    <subfield code="d">2011-03-11</subfield>
    <subfield code="e">Varma Book Distributors</subfield>
    <subfield code="f">GENRL</subfield>
    <subfield code="g">562.50</subfield>
    <subfield code="i">1101101059</subfield>
    <subfield code="l">0</subfield>
    <subfield code="o">332.63'24</subfield>
    <subfield code="p">CCEP-BK-38629</subfield>
    <subfield code="r">2023-07-18 00:00:00</subfield>
    <subfield code="t">187.5</subfield>
    <subfield code="v">750.00</subfield>
    <subfield code="w">2011-02-15</subfield>
    <subfield code="y">BK</subfield>
    <subfield code="z">038629</subfield>
  </datafield>
</record>
